संन्यासी ज्याने आपली संपत्ती विकली (Record no. 244938)

MARC details
000 -LEADER
fixed length control field 00729nam a2200193Ia 4500
008 - FIXED-LENGTH DATA ELEMENTS--GENERAL INFORMATION
fixed length control field 090201s9999 xx 000 0 und d
010 ## - LIBRARY OF CONGRESS CONTROL NUMBER
LC control number KPL-69811
020 ## - INTERNATIONAL STANDARD BOOK NUMBER
International Standard Book Number 81-7992-527-7
040 ## - CATALOGING SOURCE
Language of cataloging मराठी
041 ## - LANGUAGE CODE
Language code of text/sound track or separate title मराठी
082 ## - DEWEY DECIMAL CLASSIFICATION NUMBER
Classification number 48287
Item number 69811
100 ## - MAIN ENTRY--PERSONAL NAME
Personal name रॉबीन एस शर्मा
245 ## - TITLE STATEMENT
Title संन्यासी ज्याने आपली संपत्ती विकली
Statement of responsibility, etc रॉबीन एस शर्मा
250 ## - EDITION STATEMENT
Edition statement 1
260 ## - PUBLICATION, DISTRIBUTION, ETC. (IMPRINT)
Date of publication, distribution, etc 2005
Name of publisher, distributor, etc जयको पब्लिशिंग हाऊस
300 ## - PHYSICAL DESCRIPTION
Extent 183
Other physical details मध्यम
600 ## - SUBJECT ADDED ENTRY--PERSONAL NAME
Personal name संन्यासी ज्याने आपली संपत्ती विकली
942 ## - ADDED ENTRY ELEMENTS (KOHA)
Koha item type Book
Holdings
Withdrawn status Lost status Damaged status Not for loan Home library Current library Date acquired Cost, normal purchase price Total Checkouts Barcode Date last seen Copy number Cost, replacement price Price effective from Koha item type
        Sarvajanik Wachanalaya, Kalyan Sarvajanik Wachanalaya, Kalyan   150.00   KPL-69811 02/01/2009 1 150.00 02/01/2009 Book